01342naa a22003017a 4500001001000000003000900010005001700019007000300036008003400039040005400073041000900127072002000136090001800156100002500174100001900199111010200218245014000320260004200460500013600502650001800638650001000656650002300666773013300689909003600822942001400858999001900872952014900891BR6800164BR-BrBNA20240918173319.0ta230509b bl.||||| |||| 00| 0 por d aBR-BrBNAbporcBiblioteca Nacional de Agricultura a(Pt) aL73b8100bG514 aL73 BR68001641 aSantos, C.A.M.L. dos1 aValle, E.P. do1 a8. Reuniao Nacional de Tecnicos em Pesquisas sobre PescacRio de Janeiro, GB (Brazil)d7 Oct 19681 aIncidencia de Chloromyzum rosembushi, gelormini no tecido intramuscular de merluza (Merluccius hubbsi, Marini)[Parasito; Peixe; Brasil]3 aRio de Janeiro, GB (Brasil): c1968.  a8. Reuniao Nacional de Tecnicos em Pesquisas sobre Pesca. Documento final Rio de Janeiro, GB (Brasil): 1968. vp. (BR6800164-AM)L73  aDoenca animal aPeixe aParasito de animal0 t8. Reuniao Nacional de Tecnicos em Pesquisas sobre Pesca. Documento finalwL73 BR6800164gRio de Janeiro, GB (Brasil), 1968. vp. a202404bLuciac55dLucia Elande cAM2AGRIS c303925d303925 002AGRIS40708Acervo Gerala41918b41918cAgrobasel0o8000 BR6800157r2024-05-20t01yAM10d2024-04-11ePortaria Interministerial nÂș 164/94